000 01247nam0a22002651 4500
001 v19\rc\1824069
005 20071224115630.1
035 _a(NLR Aleph) 004939410
090 _a5764832
_c5764832
100 _a20071224d1907 |||y0rusy50 ca
101 1 _arus
_cchu
102 _aRU
105 _aa z |||||
200 1 _aСтрадание святого священномученика Антипы, епископа Пергамского
_eИзложено на рус. яз. по руководству Четьих-Миней св. Димитрия Ростовского. с объясн. примеч.
_eС изображением священномученика
210 _aМосква
_cизд. Моск. синод. тип.
_d1907
215 _a7 с.
_cил.
_d26
702 0 _6z01790
_aДимитрий Ростовский
_cТуптало, Даниил Саввич
_cмитрополит
_f1651-1709
_3RU\NLR\AUTH\773262
_4100
702 0 _aАнтипа Пергамский
_f-ок. 68
_4570
790 1 _6z01702
_aТуптало
_bД. С.
_f1651-1709
_gДаниил Саввич
801 0 _aRU
_bNLR
_gpsbo
801 0 _aRU
_bRuMoRGB
_2psbo
801 1 _aRU
_bProSoft-M
_2rusmarc
852 _aNLR
_j34.52.6.516
942 _cBOOK
980 _aNB